Statystyki dla 5 Największych jezior Warmii i Mazur

Kliknij tutaj aby rozwiązać quiz!

Ogólne statystyki

  • Ten quiz został rozwiązany 10 razy
  • Średni wynik to 3 z 5

Statystyki odpowiedzi

wskazówkaodpowiedź% Poprawnych
113,8 km²Śniardwy
100%
105 km²Mamry
90%
26,04 km²Niegocin
50%
31,52 km²Jeziorak
30%
18,88 km²Roś
0%

Rozkład punktacji

Percentyl według liczby udzielonych odpowiedzi

Procent ludzi z każdym wynikiem

Twoja historia wyników

Nie rozwiązałeś tego quizu